<?xml version="1.0" encoding="UTF-8"?><?xml-stylesheet type="text/xsl" href="static/style.xsl"?><OAI-PMH xmlns="http://www.openarchives.org/OAI/2.0/" xmlns:xsi="http://www.w3.org/2001/XMLSchema-instance" xsi:schemaLocation="http://www.openarchives.org/OAI/2.0/ http://www.openarchives.org/OAI/2.0/OAI-PMH.xsd"><responseDate>2026-06-05T17:19:44Z</responseDate><request verb="GetRecord" identifier="oai:riuma.uma.es:10630/16726" metadataPrefix="marc">https://riuma.uma.es/rest/oai/request</request><GetRecord><record><header><identifier>oai:riuma.uma.es:10630/16726</identifier><datestamp>2026-02-03T12:03:44Z</datestamp><setSpec>com_10630_2254</setSpec><setSpec>col_10630_37959</setSpec></header><metadata><record xmlns="http://www.loc.gov/MARC21/slim" xmlns:dcterms="http://purl.org/dc/terms/" xmlns:doc="http://www.lyncode.com/xoai" xmlns:xsi="http://www.w3.org/2001/XMLSchema-instance" xsi:schemaLocation="http://www.loc.gov/MARC21/slim http://www.loc.gov/standards/marcxml/schema/MARC21slim.xsd">
   <leader>00925njm 22002777a 4500</leader>
   <datafield ind2=" " ind1=" " tag="042">
      <subfield code="a">dc</subfield>
   </datafield>
   <datafield ind2=" " ind1=" " tag="720">
      <subfield code="a">Pinto-Zúñiga, Regina</subfield>
      <subfield code="e">author</subfield>
   </datafield>
   <datafield ind2=" " ind1=" " tag="720">
      <subfield code="a">Ruiz-Muñoz, María Jesús</subfield>
      <subfield code="e">author</subfield>
   </datafield>
   <datafield ind2=" " ind1=" " tag="720">
      <subfield code="a">Ruiz-del-Olmo, Francisco Javier</subfield>
      <subfield code="e">author</subfield>
   </datafield>
   <datafield ind2=" " ind1=" " tag="260">
      <subfield code="c">2018-10-29</subfield>
   </datafield>
   <datafield ind2=" " ind1=" " tag="520">
      <subfield code="a">Hasta el momento la relación entre las comunidades andaluza y catalana ha sido abordada desde diferentes enfoques y diversas disciplinas, pero no se documentan trabajos de relevancia concebidos desde el análisis de la Historia contemporánea a través del estudio de los medios audiovisuales. En este sentido, el estudio desarrollado en el marco del proyecto “La representación de Andalucía y Cataluña en el cine y la televisión. Legado audiovisual y memoria compartida (1975-2016)“ (PRY034/17), financiado por la Fundación Centro de Estudios Andaluces (Junta de Andalucía), permite sistematizar y poner en valor documentos audiovisuales de gran interés histórico para la comunidad andaluza en relación con Cataluña. Así pues, se trata de localizar, clasificar y analizar un corpus heterogéneo de producciones audiovisuales para determinar cuáles han sido las tendencias y cuáles son las carencias en la representación audiovisual del flujo social y cultural entre Andalucía y Cataluña durante la etapa democrática. De este modo, resulta posible sentar las bases de un discurso más realista y más crítico sobre la representación de ambas comunidades en los medios audiovisuales. Por todo lo expuesto, se explora una parcela de la Historia hasta ahora apenas documentada desde el estudio de los medios audiovisuales y, en suma, se trata de abordar la revisión y recuperación de una memoria histórica y audiovisual compartida entre ambas comunidades.</subfield>
   </datafield>
   <datafield ind1="8" ind2=" " tag="024">
      <subfield code="a">https://hdl.handle.net/10630/16726</subfield>
   </datafield>
   <datafield tag="653" ind2=" " ind1=" ">
      <subfield code="a">Enseñanza audiovisual</subfield>
   </datafield>
   <datafield ind2="0" ind1="0" tag="245">
      <subfield code="a">La memoria compartida entre Andalucía y Cataluña (1975-2016). Métodos y técnicas de análisis audiovisual</subfield>
   </datafield>
</record>
</metadata></record></GetRecord></OAI-PMH>